000 00330nam a2200133Ia 4500
008 230717s2000 xx 000 0 und d
020 _a81-87141-10-7
041 _aeng
082 _a345
_bSAR
100 _aSarkar P. C
245 _aCriminal Minor Acts V.02 : E-z
250 _a5ed.
260 _aNew Delhi
_bIndia Law House
_c2000
999 _c673522
_d673522